Ägyptische Kunst aus der Skulpturensammlung der Staatlichen Kunstsammlungen Dresden : Ausstellungszentrum Kroch-Haus, Universität Leipzig /

محفوظ في:

مؤلفون مشاركون: Universität Leipzig., Staatliche Kunstsammlungen Dresden.

مؤلفون آخرون: Behrends, Rainer, Blumenthal, Elke.

التنسيق: كتاب

اللغة: German

منشور في: Leipzig : Universität Leipzig : Messedruck, [1989].

الموضوعات:

الوسوم: إضافة وسم

لا توجد وسوم, كن أول من يضع وسما على هذه التسجيلة!

رقم الطلب: DT59 .D45 B31 1989

LEADER 01078namaa2200253 4500
001 23998
003 OSt
005 20250617082454.0
008 130303s1989 gw a g c 000 0 ger d
040 |c ARCE Library 
050 4 |a DT59 .D45 B31 1989  |b   
245 0 0 |a Ägyptische Kunst aus der Skulpturensammlung der Staatlichen Kunstsammlungen Dresden : Ausstellungszentrum Kroch-Haus, Universität Leipzig /   |c [Redaktion: Rainer Behrends ; Begleittexte: Elke Blumenthal ... [et al.] ; Herausgeber: Universität Leipzig]. 
264 1 |a Leipzig :   |b Universität Leipzig :   |b Messedruck,   |c [1989].  
300 |a 1 unpaged volume :   |b illustrations (some color) ;   |c 21 x 20 cm. 
610 2 0 |a Staatliche Kunstsammlungen Dresden.  |b Skulpturensammlung  |v Exhibitions.  
650 0 |a Sculpture, Egyptian  |v Exhibitions.  
650 0 |a Art objects, Egyptian  |v Exhibitions. 
700 1 |a Behrends, Rainer,   |9 26520 
700 1 |a Blumenthal, Elke.   |9 26930 
710 2 |a Universität Leipzig. 
710 2 |a Staatliche Kunstsammlungen Dresden. 
901 |a reviewed 
942 |c BK  |2 lcc 
999 |c 20909  |d 20909